| 000 | 00830nam a2200277 4500 | ||
|---|---|---|---|
| 001 | 517 | ||
| 003 | BD-RjUL | ||
| 005 | 20211208233207.0 | ||
| 008 | 131129r19691961enkk b 001 0 eng | ||
| 020 | _a0227675029 | ||
| 035 | _a(BD-RjUL)534 | ||
| 040 |
_aDLC _cDLC _dDLC _dBD-RjUL _beng |
||
| 041 | _aeng | ||
| 082 | 0 | 0 |
_a020 _216 _bCOI 1969 |
| 100 | 1 |
_aCorbett, Edmund V. _91458 |
|
| 245 | 1 | 3 |
_aAn introduction to librarianship / _cEdmund V. Corbett. |
| 250 | _a2nd ed., completely revised and enlarged with supplement. | ||
| 260 |
_aCambridge : _bJames Clarke , _c1961 [Reprinted 1969] |
||
| 300 |
_a12, [7], 442 p. _bform. _c23 cm. |
||
| 350 | _a50/- | ||
| 504 | _aIncludes bibliographical references and index. | ||
| 650 | 0 |
_aLibrary science. _91591 |
|
| 942 |
_2ddc _cBK |
||
| 999 |
_c517 _d517 |
||